000 00349 a2200169 4500
001 160634
020 _a85-08-11343-9
040 _cMagnum
100 _aJunqueira, Sonia
240 1 0 _aA arara cantora
_lpor
245 1 0 _aA arara cantora
300 _a24
362 0 _a2018
440 1 _aÁtica
697 _aLITERATURA INFANTIL
942 _cBK
999 _c160634
_d160634